| 000 | 00000nam 2200000za 4500 |
| 001 | 9.800085 |
| 003 | CaOODSP |
| 005 | 20221107134545 |
| 007 | cr ||||||||||| |
| 008 | 150421s2015||||quc|||||o f|0| 0 fre d |
| 020 | |a978-0-660-01971-0 |
| 040 | |aCaOODSP|bfre |
| 043 | |an-cn--- |
| 086 | 1 |aIu54-54/2015F-PDF |
| 245 | 00|aProduction de renseignements stockés électroniquement |h[ressource électronique]. |
| 260 | |aGatineau : |bBureau de la concurrence, |c2015. |
| 300 | |a7 p. |
| 500 | |aPublié aussi en anglais sous le titre : Production of electronically stored information. |
| 500 | |aEn tête du titre : Lignes directrices. |
| 500 | |a"2015-04-28". |
| 520 | |aLes présentes lignes directrices pour la production de renseignements stockés électroniquement (« RSE ») précisent les formats dans lesquels le Bureau de la concurrence (le « Bureau ») préfère recevoir les RSE produits en réponse à des processus obligatoires et, dans certains cas, produits volontairement au cours d’une enquête menée en vertu de la Loi sur la concurrence (la « Loi ») |
| 692 | 07|2gccst|aEntreprise |
| 692 | 07|2gccst|aInformation numérisée |
| 692 | 07|2gccst|aLignes directrices |
| 710 | 1 |aCanada. |bBureau de la concurrence. |
| 775 | 08|tProduction of electronically stored information |w(CaOODSP)9.800083 |
| 856 | 40|qPDF|s257 Ko|uhttps://publications.gc.ca/collections/collection_2015/ic/Iu54-54-2015-fra.pdf |